| 000 | 00590nam a22002177a 4500 | ||
|---|---|---|---|
| 001 | 65450 | ||
| 003 | BD-RjUL | ||
| 005 | 20211209081428.0 | ||
| 008 | 170306s1908 ii ||||| |||| 00| 0 eng d | ||
| 035 | _a(BD-RjUL)65580 | ||
| 040 |
_aBD-RjUL _beng _cBD-RjUL _dBD-RjUL |
||
| 041 | _aeng | ||
| 082 |
_223 _a954.03 _bBAS 1908 |
||
| 100 |
_aBanerjea, Babu Surendranath _9193700 |
||
| 245 |
_aSpeeches / _cBabu Surendranath Banerjea |
||
| 260 |
_aCalcutta : _bS.K. Lahiri & Co., _c1908. |
||
| 300 |
_aV. ; _c18 cm. |
||
| 505 | _aV-vi.-- | ||
| 651 |
_aIndia _vHistory. _9188918 |
||
| 942 |
_2ddc _cBK |
||
| 999 |
_c65450 _d65450 |
||